Aprovechamiento en irrigacion de las aguas de la quebrada Quelital
Guardado en:
| Hovedforfatter: | |
|---|---|
| Format: | Tesis Bog |
| Sprog: | Undetermined |
| Udgivet: |
1985
|
| Fag: | |
| Tags: |
Tilføj Tag
Ingen Tags, Vær først til at tagge denne postø!
|
MARC
| LEADER | 00000nam a2200000Ia 4500 | ||
|---|---|---|---|
| 001 | 2739 | ||
| 008 | 140114s9999 xx 000 0 und d | ||
| 100 | |a Rojas A, Luis Guillermo | ||
| 245 | |a Aprovechamiento en irrigacion de las aguas de la quebrada Quelital | ||
| 260 | |c 1985 | ||
| 500 | |a NULL | ||
| 502 | |a Escuela de ingenieria Civil | ||
| 650 | |z APROVECHAMIENTO DE AGUAS | ||
| 999 | |c 11632 |d 11632 | ||
